000 00467nam a2200181Ia 4500
008 230711s9999||||xx |||||||||||||| ||und||
020 _a978-81-317-0975-7
041 _aENG
082 _a541
_bTI-P
100 _aTinoco,Ignacio
245 0 _aPhysical Chemistry : Principles and applications in biological sciences
250 _a4th Ed.
260 _c2006
_aNew Delhi
_bPearson
300 _a764p.
650 _aChemistry
700 _aSauer,Kenneth
942 _cBK
999 _c6201
_d6201